El mito de los esenios: desde los orígenes hasta el final de la edad media
Na minha lista:
| Autor principal: | |
|---|---|
| Formato: | Livro |
| Idioma: | espanhol |
| Publicado em: |
Madrid
Taurus
1960
|
| Colecção: | Biblioteca Taurus de Estudios Históricos, 3
|
| Assuntos: | |
| Tags: |
Adicionar Tag
Sem tags, seja o primeiro a adicionar uma tag!
|
MARC
| LEADER | 00000nam a2200000 a 4500 | ||
|---|---|---|---|
| 001 | UCP5462 | ||
| 003 | CL-VaPUC | ||
| 005 | 20250506171128.0 | ||
| 008 | 990910e19600000SP |||||||||||||||||spa|d | ||
| 999 | |c 283207 |d 283205 | ||
| 040 | |c Pontificia Universidad Católica de Valparaíso | ||
| 082 | 0 | 4 | |a 296.81 |b MED |2 21 |
| 100 | |a Del Medico, Henri E. |e autor |9 433875 | ||
| 245 | 1 | 3 | |a El mito de los esenios: desde los orígenes hasta el final de la edad media |
| 260 | |a Madrid |b Taurus |c 1960 | ||
| 300 | |a 322 p | ||
| 490 | 0 | |a Biblioteca Taurus de Estudios Históricos, 3 | |
| 583 | |a last modification |c 19990910 00:00:00 |k Rodrigo Vera | ||
| 600 | 0 | 7 | |a FILON DE ALEJANDRIA |2 CL-VaPUC |9 347546 |
| 600 | 0 | 7 | |a Josefo, Flavio |d 37-100 |9 858487 |
| 650 | 0 | |a Esenios |9 334050 | |
| 650 | 0 | |a Mitos |9 267117 | |
| 650 | 0 | |a Judaísmo |9 269348 | |
| 650 | 0 | |a Sectas |9 320072 | |
| 650 | 0 | |a Ascetismo |9 319291 | |
| 650 | 0 | |a Cruzadas |9 319513 | |
| 651 | 7 | |a SIRIA |2 CL-VaPUC |9 368815 | |
| 651 | 0 | |a Palestina |9 324189 | |
| 852 | |a BIBCUR | ||
| 942 | |c BK |2 ddc | ||
| 945 | |d 19990910 00:00:00 |a crobeson | ||
| 952 | |0 0 |1 0 |4 0 |6 296_810000000000000_MED_1960 |7 0 |8 A |9 326100 |a BIBHIS |b BIBHIS |d 2019-11-20 |i 1357476 |l 1 |o 296.81 MED 1960 |p 1357476 |r 2025-01-20 |s 2022-03-02 |w 2019-11-20 |y BK |k HIS | ||